000 00671nam a2200241Ia 4500
003 OSt
005 20221006155339.0
006 a|||||r|||| 00| 0
007 ta
008 221006b |||||||| |||| 00| 0 eng d
024 _a41,717
037 _cSeries Articles
040 _aEASL
_cEASL
_beng
041 _2eng
_aeng
100 _aThompson Roger r
_9653164
245 0 _aShanxi's coal is lost then national movement in provincial China,1898-1908
260 _aCambridge
_bCambridge University Press UK
_c2011
300 _a1261-1288
_ccm.
490 _v45
650 _aChina
942 _cREF
_2CC
999 _c1109803
_d1109803